Gun Quiz! - Statistics

General Stats
  • This quiz has been taken 835 times
  • The average score is 8 of 16
Answer Stats
Picture Answer % Correct
Glock 19 / Glock
94%
M4
80%
FAMAS
79%
Mac 10 / Mac10
70%
Makarov / PM
65%
MP7
65%
Galil / Galil IMI
58%
SKS
55%
Saiga 12 / Saiga
52%
FN 5.7 / 5.7
43%
TT-33 / Tokarev
37%
AWM
35%
Benelli M4 / Benelli
35%
AKS-74U
30%
Stoner 63 / Stoner
21%
AK5C
13%
No matching quizzes found
Score Distribution
Percent of People with Each Score
Percentile by Number Answered
Your Score History
You have not taken this quiz